00310nam a2200133Ia 4500008004100000041000800041082001100049100001800060245001500078260003200093300000900125520001200134650003000146230818s2002 xx 000 0 und d aeng a839.82 aFuller/Currie aThe Waiter bSterling Book Hos.Pubc2002 a214p aGeneral aFood and Beverage service